000 00753nam a2200205Ia 4500
003 GCL
008 140319s9999 xx 000 0 ara d
040 _aGCL /
_cGCL
082 0 4 _a327.11
_bع ح
100 1 _aعبدالمنعم سعيد
245 1 0 _aحرب الخليج والفكر العربى: دراسة نقدية لكتاب الاستاذ محمد حسين هيكل /
_cعبدالمنعم سعيد
300 _a141 ص
490 _aكيف نفهم الاطفال سلسلة دراسات سيكلوجية
_v0
650 0 4 _aالكويت
650 0 4 _aالعالم العربى
650 0 4 _aحرب الخليج
650 0 4 _aالعراق (1990 - 1991 )
650 0 4 _aالكويت - تاريخ - العصر الحديث
942 _2ddc
_cBK
999 _c50076
_d50076